Statystyki dla Nazwy Kontynentów w 15 sekund

Kliknij tutaj aby rozwiązać quiz!

Ogólne statystyki

  • Ten quiz został rozwiązany 72 razy
  • Średni wynik to 4 z 7

Statystyki odpowiedzi

Odpowiedź% Poprawnych
Europa
88%
Azja
83%
Afryka
62%
Ameryka Północna
57%
Ameryka Południowa
50%
Australia i Oceania
43%
Antarktyda
31%

Rozkład punktacji

Percentyl według liczby udzielonych odpowiedzi

Procent ludzi z każdym wynikiem

Twoja historia wyników

Nie rozwiązałeś tego quizu